MARC details
| 000 -CABECERA |
| campo de control de longitud fija |
01328nam a2200313 a 4500 |
| 001 - NÚMERO DE CONTROL |
| campo de control |
000021731 |
| 005 - FECHA Y HORA DE LA ÚLTIMA TRANSACCIÓN |
| campo de control |
20200930011428.0 |
| 008 - DATOS DE LONGITUD FIJA--INFORMACIÓN GENERAL |
| campo de control de longitud fija |
100910s2000 mx a 001 0 spa d |
| 020 ## - NÚMERO INTERNACIONAL ESTÁNDAR DEL LIBRO |
| Número Internacional Estándar del Libro |
9684444117 |
| 040 ## - FUENTE DE LA CATALOGACIÓN |
| Centro catalogador/agencia de origen |
DO-SdBNP |
| Lengua de catalogación |
spa |
| Centro/agencia transcriptor |
BNPHU |
| 041 17 - CÓDIGO DE LENGUA |
| Código de lengua del texto/banda sonora o título independiente |
spa |
| Código de lengua original |
eng |
| Fuente del código |
Código de idiomas MARC |
| 082 ## - NÚMERO DE LA CLASIFICACIÓN DECIMAL DEWEY |
| Número de clasificación |
658.5 |
| Número de documento/Ítem |
K89a, 2000 |
| 049 ## - FONDOS LOCALES (OCLC) |
| Fondos de biblioteca |
BNGR |
| 100 1# - ENTRADA PRINCIPAL--NOMBRE DE PERSONA |
| Nombre de persona |
Krajewski, Lee J. |
| 9 (RLIN) |
45172 |
| 240 10 - TÍTULO UNIFORME |
| Título uniforme |
Operations management. Strategy and Analysis. |
| Lenguaje de la obra |
Español |
| 245 10 - MENCIÓN DE TÍTULO |
| Título |
Administración de operaciones : |
| Resto del título |
estrategia y análisis / |
| Mención de responsabilidad, etc. |
Lee J. Krajewski y Larry P. Ritzman ; traducción de Ángel Carlos González Ruiz ; revisión técnica de Abel José Castillo Castellanos ; colaboración de Ángel Fernández Gamero. |
| 250 ## - MENCIÓN DE EDICIÓN |
| Mención de edición |
5a ed. |
| 260 ## - PUBLICACIÓN, DISTRIBUCIÓN, ETC. |
| Lugar de publicación, distribución, etc. |
México : |
| Nombre del editor, distribuidor, etc. |
Pearson Educación, |
| Fecha de publicación, distribución, etc. |
2000. |
| 300 ## - DESCRIPCIÓN FÍSICA |
| Extensión |
892 p. : |
| Otras características físicas |
il. ; |
| Dimensiones |
25 cm. |
| 534 ## - NOTA SOBRE LA VERSIÓN ORIGINAL |
| Encabezamiento principal del original |
Versión en español de la obra titulada : |
| Mención de título del original |
Operations management. Strategy and Analysis. |
| 500 ## - NOTA GENERAL |
| Nota general |
Incluye índice de nombres, compañia y temático. |
| 650 #4 - PUNTO DE ACCESO ADICIONAL DE MATERIA--TÉRMINO DE MATERIA |
| Término de materia o nombre geográfico como elemento de entrada |
Investigación operacional |
| 9 (RLIN) |
25813 |
| 650 #4 - PUNTO DE ACCESO ADICIONAL DE MATERIA--TÉRMINO DE MATERIA |
| Término de materia o nombre geográfico como elemento de entrada |
Administración de la producción |
| 9 (RLIN) |
27605 |
| 700 1# - PUNTO DE ACCESO ADICIONAL--NOMBRE DE PERSONA |
| Nombre de persona |
Ritzman, Larry P. |
| 9 (RLIN) |
45173 |
| 700 1# - PUNTO DE ACCESO ADICIONAL--NOMBRE DE PERSONA |
| Nombre de persona |
González Ruiz, Ángel Carlos, |
| Término indicativo de función/relación |
tr. |
| 9 (RLIN) |
8969 |
| 700 1# - PUNTO DE ACCESO ADICIONAL--NOMBRE DE PERSONA |
| Nombre de persona |
Castillo Castellanos, Abel José, |
| Término indicativo de función/relación |
rev. |
| 9 (RLIN) |
45174 |
| 700 1# - PUNTO DE ACCESO ADICIONAL--NOMBRE DE PERSONA |
| Nombre de persona |
Fernández Gamero, Ángel. |
| 9 (RLIN) |
45175 |
| 910 ## - DATOS DE OPCIÓN DEL USUARIO (OCLC) |
| Datos de opción del usuario |
WM |